Normal view
MARC view
- Sound-waves.
Entry Topical Term
001 - CONTROL NUMBER
- control field: 619
003 - CONTROL NUMBER IDENTIFIER
- control field: NUST
005 - DATE AND TIME OF LATEST TRANSACTION
- control field: 20170512101412.0
008 - FIXED-LENGTH DATA ELEMENTS
- fixed length control field: 170512|| aca||aabn | a|a d
040 ## - CATALOGING SOURCE
- Original cataloging agency: NUST
- Transcribing agency: NUST
150 ## - HEADING--TOPICAL TERM
- Topical term or geographic name entry element: Sound-waves.
670 ## - SOURCE DATA FOUND
- Source citation: Work cat.: (NUST)44735: Arabadzhi, Vladimir V. 618, Solutions to problems of controlling long waves with the help of micro-structure tools, 2011]
